Дидактические материалы по латинскому языку для студентов-медиков, Практикум

Detalles Bibliográficos
Autor principal: Н. И. Данилина
Otros Autores: М. И. Носачёва (340), Н. И. Павлова, Н. И. Данилиной
Sumario:Книга находится в премиум-версии платформы «Русский как иностранный».
В практикуме представлены материалы для проверочных работ по дисциплине «Латинский язык». Задания сгруппированы в разделы в соответствии с модулями курса: «Анатомическая терминология», «Клиническая терминология», «Рецептура». Подготовлен в соответствии с Федеральным государственным образовательным стандартом высшего образования. Предназначен для студентов, обучающихся по специальностям 31.05.01 «Лечебное дело», 31.05.02 «Педиатрия», 31.05.03 «Стоматология».
Гарантированный срок размещения на платформе до 02.04.2031 (автопролонгация)
Publicado: Москва, Ай Пи Ар Медиа, 2021
Edición:Дидактические материалы по латинскому языку для студентов-медиков
Materias:
Acceso en línea:Перейти к просмотру издания
Formato: MixedMaterials Electrónico

MARC

LEADER 00000 a2200000 4500
001 RU/ROS-EDU.RU/106013
856 4 |u https://www.ros-edu.ru/book?id=106013  |z Перейти к просмотру издания 
010 |a 978-5-4497-0980-6 
205 |a Дидактические материалы по латинскому языку для студентов-медиков  |b 2031-04-02 
333 |a Гарантированный срок размещения на платформе до 02.04.2031 (автопролонгация) 
100 |a 20210101d2021 |||y0rusy0250   |s 2031-04-02 
105 |a y z 000zy 
101 0 |a rus 
102 |a RU 
200 1 |a Дидактические материалы по латинскому языку для студентов-медиков  |b Электронный ресурс  |e Практикум  |f Н. И. Данилина, М. И. Носачёва, Н. И. Павлова  |g ред. Н. И. Данилиной 
700 1 |b Н. И.  |a Данилина  |4 070 
701 1 |b М. И.  |a Носачёва  |4 070 
701 1 |b Н. И.  |a Павлова  |4 070 
702 1 |b Н. И.  |a Данилиной  |4 340 
330 |a В практикуме представлены материалы для проверочных работ по дисциплине «Латинский язык». Задания сгруппированы в разделы в соответствии с модулями курса: «Анатомическая терминология», «Клиническая терминология», «Рецептура». Подготовлен в соответствии с Федеральным государственным образовательным стандартом высшего образования. Предназначен для студентов, обучающихся по специальностям 31.05.01 «Лечебное дело», 31.05.02 «Педиатрия», 31.05.03 «Стоматология». 
210 |a Москва  |c Ай Пи Ар Медиа  |d 2021 
610 1 |a русский язык 
610 1 |a РКИ 
610 1 |a иностранный студент 
610 1 |a студент-медик 
610 1 |a дидактический материал 
610 1 |a анатомическая терминология 
610 1 |a клиническая терминология 
610 1 |a рецептура 
610 1 |a латинский язык 
675 |a 811.161 
686 |a 81.2  |2 rubbk 
300 |a Книга находится в премиум-версии платформы «Русский как иностранный». 
215 |a 108 с.